书目信息 |
| 题名: |
RNAi
|
|
| 作者: | 汉农 ;陈忠斌 主译 | |
| 分册: | ||
| 出版信息: | 北京 化学工业出版社 2004 |
|
| 页数: | 432 | |
| 开本: | 26cm | |
| 丛书名: | 生物实验室系列 | |
| 单 册: | ||
| 中图分类: | Q52 | |
| 科图分类: | ||
| 主题词: | 核酸 | |
| 电子资源: | ||
| ISBN: | 7-5025-5824-1 | |
| 000 | 00672nam0 2200229 450 | |
| 001 | 0741144344 | |
| 005 | 20070817112544.34 | |
| 010 | @a7-5025-5824-1@d¥78.00 | |
| 100 | @a20070817d km y0chiy0120 ea | |
| 101 | 0 | @achi |
| 200 | 1 | @aRNAi@e基因沉默指南@f(美)汉农@F(mei)han nong@g陈忠斌主译@Gchen zhong bin zhu yi |
| 210 | @a北京@c化学工业出版社@d2004 | |
| 215 | @a432@c彩图@d26cm | |
| 225 | 2 | @a生物实验室系列 |
| 410 | 0 | @12001 @a生物实验室系列 |
| 517 | 1 | @a基因沉默指南@Aji yin chen mo zhi nan |
| 606 | 0 | @a核酸 |
| 690 | @aQ52@v3 | |
| 701 | 0 | @a汉农@Ahan nong |
| 702 | 0 | @a陈忠斌@Achen zhong bin@4主译 |
| 801 | 0 | @aCN@bPFT@c20070817 |
| 905 | @a213230@dQ52@en2@f1 | |
| RNAi:基因沉默指南/(美)汉农/陈忠斌主译.-北京:化学工业出版社,2004 |
| 432:彩图;26cm.-(生物实验室系列) |
| ISBN 7-5025-5824-1:¥78.00 |
| ● |
| 相关链接 |
|
|
|
|
正题名:RNAi
索取号:Q52/n2
 
预约/预借
| 序号 | 登录号 | 条形码 | 馆藏地/架位号 | 状态 | 备注 |
| 1 | 6601256 | 266012566 | 密集书库-生命科学系/ [索取号:Q52/n2] | 在馆 |